<?xml version="1.0" encoding="UTF-8"?><?xml-stylesheet type="text/xsl" href="static/style.xsl"?><OAI-PMH xmlns="http://www.openarchives.org/OAI/2.0/" xmlns:xsi="http://www.w3.org/2001/XMLSchema-instance" xsi:schemaLocation="http://www.openarchives.org/OAI/2.0/ http://www.openarchives.org/OAI/2.0/OAI-PMH.xsd"><responseDate>2026-04-13T07:32:12Z</responseDate><request verb="GetRecord" identifier="oai:www.recercat.cat:2445/217686" metadataPrefix="marc">https://recercat.cat/oai/request</request><GetRecord><record><header><identifier>oai:recercat.cat:2445/217686</identifier><datestamp>2025-12-04T19:07:27Z</datestamp><setSpec>com_2072_1057</setSpec><setSpec>col_2072_478858</setSpec><setSpec>col_2072_478917</setSpec><setSpec>col_2072_478921</setSpec></header><metadata><record xmlns="http://www.loc.gov/MARC21/slim" xmlns:dcterms="http://purl.org/dc/terms/" xmlns:xsi="http://www.w3.org/2001/XMLSchema-instance" xmlns:doc="http://www.lyncode.com/xoai" xsi:schemaLocation="http://www.loc.gov/MARC21/slim http://www.loc.gov/standards/marcxml/schema/MARC21slim.xsd">
   <leader>00925njm 22002777a 4500</leader>
   <datafield ind2=" " ind1=" " tag="042">
      <subfield code="a">dc</subfield>
   </datafield>
   <datafield ind2=" " ind1=" " tag="720">
      <subfield code="a">Guillén Soley, Núria</subfield>
      <subfield code="e">author</subfield>
   </datafield>
   <datafield ind2=" " ind1=" " tag="720">
      <subfield code="a">Contador Muñana, José Miguel</subfield>
      <subfield code="e">author</subfield>
   </datafield>
   <datafield ind2=" " ind1=" " tag="720">
      <subfield code="a">Buongiorno, Maria Teresa</subfield>
      <subfield code="e">author</subfield>
   </datafield>
   <datafield ind2=" " ind1=" " tag="720">
      <subfield code="a">Álvarez, Ignacio</subfield>
      <subfield code="e">author</subfield>
   </datafield>
   <datafield ind2=" " ind1=" " tag="720">
      <subfield code="a">Culell, Natalia</subfield>
      <subfield code="e">author</subfield>
   </datafield>
   <datafield ind2=" " ind1=" " tag="720">
      <subfield code="a">Alcolea, Daniel</subfield>
      <subfield code="e">author</subfield>
   </datafield>
   <datafield ind2=" " ind1=" " tag="720">
      <subfield code="a">Lleó Bisa, Alberto</subfield>
      <subfield code="e">author</subfield>
   </datafield>
   <datafield ind2=" " ind1=" " tag="720">
      <subfield code="a">Fortea Ormaechea, Juan</subfield>
      <subfield code="e">author</subfield>
   </datafield>
   <datafield ind2=" " ind1=" " tag="720">
      <subfield code="a">Piñol Ripoll, Gerard</subfield>
      <subfield code="e">author</subfield>
   </datafield>
   <datafield ind2=" " ind1=" " tag="720">
      <subfield code="a">Carnes Vendrell, Anna</subfield>
      <subfield code="e">author</subfield>
   </datafield>
   <datafield ind2=" " ind1=" " tag="720">
      <subfield code="a">Ispierto, Lourdes</subfield>
      <subfield code="e">author</subfield>
   </datafield>
   <datafield ind2=" " ind1=" " tag="720">
      <subfield code="a">Vilas Rolán, Dolores</subfield>
      <subfield code="e">author</subfield>
   </datafield>
   <datafield ind2=" " ind1=" " tag="720">
      <subfield code="a">Puig Pijoan, Albert</subfield>
      <subfield code="e">author</subfield>
   </datafield>
   <datafield ind2=" " ind1=" " tag="720">
      <subfield code="a">Fernández Lebrero, Aida</subfield>
      <subfield code="e">author</subfield>
   </datafield>
   <datafield ind2=" " ind1=" " tag="720">
      <subfield code="a">Balasa, Mircea</subfield>
      <subfield code="e">author</subfield>
   </datafield>
   <datafield ind2=" " ind1=" " tag="720">
      <subfield code="a">Sánchez Valle, Raquel</subfield>
      <subfield code="e">author</subfield>
   </datafield>
   <datafield ind2=" " ind1=" " tag="720">
      <subfield code="a">Lladó Plarrumaní, Albert</subfield>
      <subfield code="e">author</subfield>
   </datafield>
   <datafield ind2=" " ind1=" " tag="260">
      <subfield code="c">2025-01-20T14:32:32Z</subfield>
   </datafield>
   <datafield ind2=" " ind1=" " tag="260">
      <subfield code="c">2025-01-20T14:32:32Z</subfield>
   </datafield>
   <datafield ind2=" " ind1=" " tag="260">
      <subfield code="c">2023-10-28</subfield>
   </datafield>
   <datafield ind2=" " ind1=" " tag="260">
      <subfield code="c">2025-01-20T14:32:32Z</subfield>
   </datafield>
   <datafield ind2=" " ind1=" " tag="520">
      <subfield code="a">Core Alzheimer's disease (AD) cerebrospinal fluid (CSF) biomarkers have shown incomplete agreement with amyloid-positron emission tomography (PET). Our goal was to analyze the agreement between AD CSF biomarkers and amyloid-PET in a multicenter study. Retrospective multicenter study (5 centers). Participants who underwent both CSF biomarkers and amyloid-PET scan within 18 months were included. Clinical diagnoses were made according to latest diagnostic criteria by the attending clinicians. CSF Amyloid Beta1-42 (Aβ1-42, A), phosphorliated tau 181 (pTau181, T) and total tau (tTau, N) biomarkers were considered normal (-) or abnormal ( +) according to cutoffs of each center. Amyloid-PET was visually classified as positive/negative. Agreement between CSF biomarkers and amyloid-PET was analyzed by overall percent agreement (OPA). 236 participants were included (mean age 67.9 years (SD 9.1), MMSE score 24.5 (SD 4.1)). Diagnoses were mild cognitive impairment or dementia due to AD (49%), Lewy body dementia (22%), frontotemporal dementia (10%) and others (19%). Mean time between tests was 5.1 months (SD 4.1). OPA between single CSF biomarkers and amyloid-PET was 74% for Aβ1-42, 75% for pTau181, 73% for tTau. The use of biomarker ratios improved OPA: 87% for Aβ1-42/Aβ1-40 (n = 155), 88% for pTau181/Aβ1-42 (n = 94) and 82% for tTau/Aβ1-42 (n = 160). A + T + N + cases showed the highest agreement between CSF biomarkers and amyloid-PET (96%), followed by A-T-N- cases (89%). Aβ1-42/Aβ1-40 was a better marker of cerebral amyloid deposition, as identified by amyloid tracers, than Aβ1-42 alone. Combined biomarkers in CSF predicted amyloid-PET result better than single biomarkers.</subfield>
   </datafield>
   <datafield tag="653" ind2=" " ind1=" ">
      <subfield code="a">Malaltia d'Alzheimer</subfield>
   </datafield>
   <datafield tag="653" ind2=" " ind1=" ">
      <subfield code="a">Tomografia per emissió de positrons</subfield>
   </datafield>
   <datafield tag="653" ind2=" " ind1=" ">
      <subfield code="a">Marcadors bioquímics</subfield>
   </datafield>
   <datafield tag="653" ind2=" " ind1=" ">
      <subfield code="a">Amiloides</subfield>
   </datafield>
   <datafield tag="653" ind2=" " ind1=" ">
      <subfield code="a">Líquid cefalorraquidi</subfield>
   </datafield>
   <datafield tag="653" ind2=" " ind1=" ">
      <subfield code="a">Alzheimer's disease</subfield>
   </datafield>
   <datafield tag="653" ind2=" " ind1=" ">
      <subfield code="a">Positron emission tomography</subfield>
   </datafield>
   <datafield tag="653" ind2=" " ind1=" ">
      <subfield code="a">Biochemical markers</subfield>
   </datafield>
   <datafield tag="653" ind2=" " ind1=" ">
      <subfield code="a">Amyloid</subfield>
   </datafield>
   <datafield tag="653" ind2=" " ind1=" ">
      <subfield code="a">Cerebrospinal fluid</subfield>
   </datafield>
   <datafield ind2="0" ind1="0" tag="245">
      <subfield code="a">Agreement of cerebrospinal fluid biomarkers and amyloid-PET in a multicenter study</subfield>
   </datafield>
</record></metadata></record></GetRecord></OAI-PMH>